000
00241 a2200097 4500
001
5998
100
_a
Zbar, P B
245
_a
Residue arithmetic and its application to computer technology
260
_a
_b
McGraw-Hill
_c
090
_c
4903
_d
4903
942
_a
NUST-CAE
_c
M
_c
31271
999
_c
241071
_d
241071